| 000 | 00668nam a2200241Ia 4500 | ||
|---|---|---|---|
| 008 | 160803s9999 xx 000 0 und d | ||
| 020 | _a9780545650298 | ||
| 100 | _aAston, Diana Hutts | ||
| 245 | 2 | _aA rock is lively / | |
| 245 | _cDianna Hutts Aston, Sylvia Long. | ||
| 260 | _aNew York : | ||
| 260 | _bScholastic Inc. | ||
| 260 | _c2014 | ||
| 300 | _aunnumbered pages : | ||
| 300 | _bcolor illustrations ; | ||
| 300 | _c25 cm | ||
| 500 | _aOriginally published: San Francisco, CA : Chronicle Books, 2012. | ||
| 650 | _aMinerals -- | ||
| 650 | _aRocks -- | ||
| 650 | _xJuvenile literature. | ||
| 650 | _xJuvenile literature. | ||
| 700 | _a1109 | ||
| 999 |
_c299752 _d299752 |
||